000
00281nam a2200133Ia 4500
008
260604s9999 xx 000 0 und d
020
_a
9780241677261
082
_a
823.91 DAH
100
_a
DAHL, ROALD
_9
35354
245
0
_a
THE BFG
260
_b
PEN
500
_a
BFG
942
_c
BK
999
_c
8147
_d
8147